00485nam a22001452 4500001001100000005001700011008004100028040001500069050002300084110005800107245004600165260005700211300001400268651005700282000000153020151217155811.0070314s xx 000 0 eng d aKABUcKABU 0aHC865b.Z7W35 20022 aKenya.bMinistry of Finance and Planning.@000015023410aWajir district development plan 2002-208. aNairobi :bMinistry of Finance and Planning,c[2002] aix, 67 p. 0aWajir district (Kenya)xEconomic policy.@0000150348